000 00626nam a2200241Ia 4500
003 OSt
005 20220918202014.0
006 a|||||r|||| 00| 0
007 ta
008 220917b |||||||| |||| 00| 0 eng d
024 _a98,056
037 _cTextual
040 _aARTS
_cARTS
_beng
041 _2eng
_aeng
082 _aV2:19nN71, L7
100 _aSarma S R
_971363
245 0 _aIndian foreign policy
_b annual survey
260 _aNew Delhi
_bSterling
_c1977
300 _aviii, 366p.
_ccm.
650 _aHISTORY
942 _hV2:19nN71, L7
_cTEXL
_2CC
999 _c221650
_d221650